00545nam a2200181 a 4500008004100000020001500041050001800056100002200074245005100096250001200147260003300159300002400192350000900216500005100225650003500276650003000311700002200341120416s1980 ||||||||||||||||| || u a0070546274 aHF 5548.2 San aSanders, Donald H10aComputers and management in a changing society a3rd ed. aNew York:bMcGraw-Hillc1980 axvii, 490 p.: ill.  a0.00 aIncludes bibliographical references and index. aMANAGEMENT INFORMATION SYSTEMS aBUSINESS--DATA PROCESSING aBirkin, Stanley J